| 000 | 00926nam a2200289Ia 4500 | ||
|---|---|---|---|
| 001 | 22087 | ||
| 005 | 20260320113341.0 | ||
| 008 | 260320s9999||||xx |||||||||||||| ||und|| | ||
| 022 | _a20756305 | ||
| 041 | _aESP | ||
| 082 |
_aHR 344 DIC 2025 _bGPP |
||
| 100 |
_a _e |
||
| 110 | _aGaceta Jurídica | ||
| 245 | 0 |
_aGaceta penal & procesal penal : _binformación especializada para abogados, jueces y fiscales |
|
| 246 |
_a _5 _b |
||
| 250 | _aPrimera edición | ||
| 260 |
_aLima : _bGaceta Jurídica, _c2025 |
||
| 300 |
_a247 páginas : _bilustraciones ; _c25 cm. _e |
||
| 440 |
_a _n _v |
||
| 505 | _aTomo 198, diciembre 2025 | ||
| 650 | _aCIS | ||
| 653 | _aDerecho - Revista | ||
| 654 | _aDER | ||
| 700 |
_a _c |
||
| 856 |
_uhttps://0u214rxso-y-https-app-vlex-com.itmsp.museknowledge.com/search/jurisdiction:PE/gaceta+penal+y+procesal+penal+revista _zVéase además: Base de datos Vlex |
||
| 942 |
_cREV _dJUS _fMIP _2ddc _n |
||
| 999 |
_c22087 _d22087 |
||